000 00539nam a2200205 4500
003 LK-CoMWRAF
005 20231006124923.0
008 231006b |||||||| |||| 00| 0 eng d
040 _aLK-CoMWRAF
_dLK-CoMWRAF
_eLK-CoMWRAF
041 _aeng
082 _a297.124
_bKHA
100 _aKhan, Muhammad Muhsin
245 _aThe Translation of the meanings of Sahih Al-Bukhari :
_bArabic-English
260 _c1975
300 _a562p
490 _aVolume 8
650 _a Islamic 2nd Sourse
650 _aProphert's Hadis
942 _cBK
999 _c3797
_d3797